000 01422nam a2200349 i 4500
003 DO-SdBNP
005 20240426153301.0
007 ta
008 240426s2022 dr ac 000 0 spa d
020 _a9789945179460 (guía didáctica)
020 _a9789945179347
040 _aDO-SdBNP
_bspa
_cBNPHU
_erda
082 _222
_bC569n
245 0 0 _aCiencias de la naturaleza 3 :
_beducación secundaria. /
_cdirección editorial Denise Pineda Martínez : ilustraciones Wi-Hen Fung Caridad
264 1 _aSanto Domingo, :
_bSM,
_c2022.
300 _a126, 239, 63 páginas
_bilustraciones, retratos
_c28 cm.
336 _2rdacontent
_atexto
_btxt
337 _2rdamedia
_asin mediación
_bn
338 _2rdacarrier
_avolumen
_bnc
490 1 _aSavia
_v3
500 _aLa biblioteca posee la guía didáctica.
500 _aEducación secundaria.
500 _aEl libro Ciencias Sociales del proyecto Savia forma parte del proyecto editorial de Educación Secundaria de SM.
500 _aLa fundación SM destina los beneficios de las empresas SM a programas culturales y educativos, con especial atención a los colectivos más desfavorecidos.
500 _aIncluye glosario.
504 _aBibliografía p: 239
590 _aInventariado, 2024/ YL
700 1 _aPineda Martínez, Denise
_edirección
_974837
700 1 _aFung Caridad, Wi-Hen
_eilustraciones
_985344
910 _aYLockward
942 _2ddc
_cLBS1
999 _c56542
_d56542